000 00626nam a22001817a 4500
003 UA-OsUOA
001 8532
007 ta
008 20040908b un ||||| |||| 00| 0 ukr d
100 _aСтусенко О.
942 _cSA
040 _aUA-OsUOA
_cUA-OsUOA
_dUA-OsUOA
245 _aЧи далеко нам до Нобеля? : Ars critica : [Аналіз віршів М. Боровка і В. Куліш-Гальчинської ]
300 _aС.6
955 _a0
773 0 _w0
_tЛітературна Украіна
_dКиїв
_d2004
_g№34
650 7 _aБоровко М., Куліш-Гальчинська В.
_2UDC
999 _c294693
_d294693